[Event "Oberliga Wuerttemberg 1920"]
[Site "Wuerttemberg"]
[Date "2019.12.01"]
[Round "4.2"]
[White "Stoll, Ferdinand"]
[Black "Tica, Sven"]
[Result "0-1"]
[WhiteElo "2209"]
[BlackElo "2389"]
[PlyCount "66"]
[EventDate "2019.09.15"]
[EventType "team-tourn"]
[EventRounds "9"]
[EventCountry "GER"]
[SourceTitle "EXT 2021"]
[Source "ChessBase"]
[SourceDate "2020.10.23"]
[SourceVersion "1"]
[SourceVersionDate "2020.10.23"]
[SourceQuality "1"]
[WhiteTeam "Bebenhausen"]
[BlackTeam "Schoenaich II"]
[WhiteTeamCountry "GER"]
[BlackTeamCountry "GER"]

1. c4 e6 2. g3 d5 3. Bg2 Nf6 4. Nf3 Be7 5. 0-0 0-0 6. d4 dxc4 7. Qc2 b5 8. a4 b4 9. Qxc4 Ba6 10. Qc2 Nbd7 11. Ne5 Nxe5 12. dxe5 Nd5 13. Rd1 Qc8 14. b3 c5 15. e4 Nb6 16. a5 Nd7 17. Bb2 Qc7 18. f4 c4 19. bxc4 Nc5 20. Nd2 Rac8 21. Nf1 Rfd8 22. Bd4 Rd7 23. Ne3 Rcd8 24. Nd5 exd5 25. exd5 Ne6 26. dxe6 Rxd4 27. exf7+ Kh8 28. Rxd4 Rxd4 29. Qa4 Rd8 30. Qe8+ Bf8 31. Bd5 Qc8 32. Qc6 Qxc6 33. Bxc6 Bxc4 0-1

[Event "Oberliga Wuerttemberg 1011"]
[Site "Wuerttemberg"]
[Date "2010.11.28"]
[Round "4"]
[White "Pieper, Thomas"]
[Black "Stoll, Ferdinand"]
[Result "1-0"]
[WhiteElo "2214"]
[BlackElo "2268"]
[PlyCount "113"]
[EventDate "2010.09.26"]
[EventType "team-tourn"]
[EventRounds "9"]
[EventCountry "GER"]
[SourceTitle "EXT 2019"]
[Source "ChessBase"]
[SourceDate "2018.10.10"]
[SourceVersion "1"]
[SourceVersionDate "2018.10.10"]
[SourceQuality "1"]
[WhiteTeam "Ulm Post"]
[BlackTeam "Bebenhausen"]
[WhiteTeamCountry "GER"]
[BlackTeamCountry "GER"]

1. e4 c5 2. Nf3 d6 3. d4 cxd4 4. Nxd4 Nf6 5. Nc3 g6 6. Be3 Bg7 7. Qd2 Nc6 8. f3 0-0 9. Bc4 Qa5 10. Bb3 Bd7 11. 0-0-0 Rfc8 12. h4 Ne5 13. h5 Nxh5 14. Nd5 Qxd2+ 15. Rxd2 Kf8 16. g4 Nf6 17. Bh6 Ng8 18. Bxg7+ Kxg7 19. g5 e6 20. Ne3 h5 21. f4 Nc6 22. Nb5 Na5 23. Nxd6 Nxb3+ 24. axb3 Bc6 25. Rf1 Rc7 26. f5 f6 27. gxf6+ Nxf6 28. Rg1 Nxe4 29. Rxg6+ Kh8 30. Nxe4 Bxe4 31. Rxe6 Bc6 32. Nc4 Rf8 33. f6 Rcf7 34. Ne5 Rxf6 35. Ng6+ Rxg6 36. Rxg6 Rf1+ 37. Rd1 Rxd1+ 38. Kxd1 Kh7 39. Rd6 Kg7 40. Ke2 h4 41. Kf2 h3 42. Kg3 Bg2 43. b4 a6 44. Re6 Kf7 45. Rh6 Ke7 46. Rh5 Kd6 47. b5 axb5 48. Rxb5 Kc6 49. Rf5 Kb6 50. Rf2 Kc5 51. Rxg2 hxg2 52. Kxg2 Kd4 53. Kf3 b5 54. Ke2 Ke4 55. b4 Kd4 56. Kd2 Ke4 57. c3 1-0

[Event "Oberliga Wuerttemberg 0910"]
[Site "Wuerttemberg"]
[Date "2010.01.31"]
[Round "6.3"]
[White "Heinatz, Thomas"]
[Black "Stoll, Ferdinand"]
[Result "1/2-1/2"]
[WhiteElo "2282"]
[BlackElo "2218"]
[PlyCount "67"]
[EventDate "2009.10.11"]
[EventType "team-tourn"]
[EventRounds "9"]
[EventCountry "GER"]
[SourceTitle "EXT 2019"]
[Source "ChessBase"]
[SourceDate "2018.10.10"]
[SourceVersion "1"]
[SourceVersionDate "2018.10.10"]
[SourceQuality "1"]
[WhiteTeam "Rommelshausen"]
[BlackTeam "Bebenhausen"]
[WhiteTeamCountry "GER"]
[BlackTeamCountry "GER"]

1. e4 c5 2. Nf3 d6 3. d4 cxd4 4. Nxd4 Nf6 5. Nc3 g6 6. Be3 Bg7 7. f3 Nc6 8. Qd2 Bd7 9. 0-0-0 h5 10. Kb1 Rc8 11. h3 h4 12. Bd3 b5 13. Rhe1 b4 14. Nce2 g5 15. Nxc6 Bxc6 16. Nd4 Bb7 17. Bb5+ Nd7 18. Bxg5 Rc5 19. Ba4 0-0 20. Nb3 Re5 21. Bf4 Rh5 22. Bxd7 Qxd7 23. e5 Qb5 24. Nd4 Qc4 25. b3 Qc5 26. e6 Rd5 27. Be3 fxe6 28. Qf2 Qc8 29. Qxh4 e5 30. Ne2 Rxd1+ 31. Rxd1 Qe6 32. Ng3 Rc8 33. Ne4 a6 34. Qg4 1/2-1/2

[Event "Oberliga Wuerttemberg 0910"]
[Site "Wuerttemberg"]
[Date "2009.11.15"]
[Round "3.4"]
[White "Stoll, Ferdinand"]
[Black "Zhou, Syang"]
[Result "0-1"]
[WhiteElo "2218"]
[BlackElo "2208"]
[PlyCount "72"]
[EventDate "2009.10.11"]
[EventType "team-tourn"]
[EventRounds "9"]
[EventCountry "GER"]
[SourceTitle "EXT 2019"]
[Source "ChessBase"]
[SourceDate "2018.10.10"]
[SourceVersion "1"]
[SourceVersionDate "2018.10.10"]
[SourceQuality "1"]
[WhiteTeam "Bebenhausen"]
[BlackTeam "Deizisau"]
[WhiteTeamCountry "GER"]
[BlackTeamCountry "GER"]

1. c4 Nf6 2. g3 g6 3. Bg2 Bg7 4. Nc3 c5 5. Nf3 0-0 6. 0-0 Nc6 7. d4 cxd4 8. Nxd4 Qa5 9. Nb3 Qh5 10. e4 Ng4 11. h3 Nge5 12. c5 Nb4 13. a3 Nbd3 14. Nd5 e6 15. Nf4 Qxd1 16. Rxd1 Nxc1 17. Raxc1 b6 18. cxb6 axb6 19. Rd6 Rb8 20. Nd2 Nc6 21. Nd3 Nd4 22. Nf4 g5 23. Rxd4 Bxd4 24. Nd3 Ba6 25. Nb4 Bb5 26. Nf3 Bxb2 27. Rb1 Bf6 28. e5 Be7 29. Nd5 exd5 30. Rxb5 h6 31. Rxd5 Bxa3 32. Nd4 Rfc8 33. Nf5 Bf8 34. Rxd7 Rd8 35. Ra7 h5 36. Be4 b5 0-1

[Event "Oberliga Wuerttemberg 0708"]
[Site "Wuerttemberg"]
[Date "2008.04.06"]
[Round "8.3"]
[White "Rupp, Michael"]
[Black "Stoll, Ferdinand"]
[Result "0-1"]
[WhiteElo "2251"]
[BlackElo "2277"]
[PlyCount "72"]
[EventDate "2007.10.07"]
[EventType "team-tourn"]
[EventRounds "9"]
[EventCountry "GER"]
[SourceTitle "EXT 2018"]
[Source "ChessBase"]
[SourceDate "2017.10.13"]
[SourceVersion "1"]
[SourceVersionDate "2017.10.13"]
[SourceQuality "1"]
[WhiteTeam "Ebersbach"]
[BlackTeam "Bebenhausen"]
[WhiteTeamCountry "GER"]
[BlackTeamCountry "GER"]

1. d4 f5 2. g3 Nf6 3. Bg2 g6 4. Nf3 Bg7 5. 0-0 0-0 6. c4 d6 7. Nc3 Qe8 8. d5 a5 9. Nd4 Na6 10. e4 fxe4 11. Nxe4 Nxe4 12. Bxe4 Bh3 13. Re1 Qf7 14. Be3 Nc5 15. Bh1 Rae8 16. Qd2 e5 17. dxe6 Nxe6 18. Bxb7 Bxd4 19. Bxd4 c5 20. Bd5 cxd4 21. Re4 h5 22. Rae1 Bf5 23. Rxd4 Kh7 24. Re3 Qf6 25. Bxe6 Rxe6 26. Rxe6 Qxe6 27. b3 Bh3 28. Rxd6 Qe4 29. f4 Re8 30. Rd3 Qe2 31. Qxe2 Rxe2 32. Rc3 Rg2+ 33. Kh1 Rxa2 34. Kg1 Rg2+ 35. Kh1 Rf2 36. Rc1 Rb2 0-1

[Event "Oberliga Wuerttemberg 0708"]
[Site "Wuerttemberg"]
[Date "2007.10.07"]
[Round "1.3"]
[White "Pieper, Thomas"]
[Black "Stoll, Ferdinand"]
[Result "1/2-1/2"]
[WhiteElo "2211"]
[BlackElo "2277"]
[PlyCount "48"]
[EventDate "2007.10.07"]
[EventType "team-tourn"]
[EventRounds "9"]
[EventCountry "GER"]
[SourceTitle "EXT 2018"]
[Source "ChessBase"]
[SourceDate "2017.10.13"]
[SourceVersion "1"]
[SourceVersionDate "2017.10.13"]
[SourceQuality "1"]
[WhiteTeam "Ulm Post"]
[BlackTeam "Bebenhausen"]
[WhiteTeamCountry "GER"]
[BlackTeamCountry "GER"]

1. e4 c5 2. Nf3 d6 3. Nc3 Nf6 4. d4 cxd4 5. Nxd4 g6 6. Be3 Bg7 7. Qd2 Nc6 8. f3 Bd7 9. Bc4 0-0 10. Bb3 Rc8 11. h4 h5 12. 0-0-0 Ne5 13. Bg5 Rc5 14. Kb1 b5 15. g4 a5 16. Bxf6 Bxf6 17. gxh5 a4 18. Bd5 e6 19. hxg6 exd5 20. h5 Bg5 21. f4 Nc4 22. Qg2 Ne3 23. Qxg5 Qxg5 24. fxg5 Nxd1 1/2-1/2

[Event "BL2-Sued 0607"]
[Site "Germany"]
[Date "2007.02.25"]
[Round "6.4"]
[White "Lorscheid, Gerhard"]
[Black "Stoll, Ferdinand"]
[Result "1-0"]
[WhiteElo "2270"]
[BlackElo "2275"]
[PlyCount "72"]
[EventDate "2006.10.15"]
[EventType "team-tourn"]
[EventRounds "9"]
[EventCountry "GER"]
[SourceTitle "EXT 2008"]
[Source "ChessBase"]
[SourceDate "2007.11.25"]
[SourceVersion "1"]
[SourceVersionDate "2007.11.25"]
[SourceQuality "1"]
[WhiteTeam "Stuttgart"]
[BlackTeam "Bebenhausen"]
[WhiteTeamCountry "GER"]
[BlackTeamCountry "GER"]

1. d4 f5 2. g3 Nf6 3. Bg2 g6 4. Nf3 Bg7 5. c4 0-0 6. Nc3 d6 7. 0-0 Qe8 8. d5 a5 9. Be3 Na6 10. Qd2 Bd7 11. Rae1 Ng4 12. Bf4 Nc5 13. e4 Bxc3 14. Qxc3 Nxe4 15. Qc2 c5 16. Re2 Qf7 17. Rfe1 Rfe8 18. Ng5 Nxg5 19. Bxg5 Nf6 20. Qb3 a4 21. Qb6 Rab8 22. Bxf6 Qxf6 23. Qc7 Rbd8 24. Qxb7 Kf7 25. h4 Qd4 26. Bf1 h5 27. Re3 Qf6 28. Bd3 g5 29. hxg5 Qxg5 30. Rf3 h4 31. Ree3 Rg8 32. Kf1 hxg3 33. Rxg3 Qf6 34. Rgf3 Ke8 35. Bxf5 Bxf5 36. Rxf5 Qg7 1-0

[Event "BL2-Sued 0607"]
[Site "Germany"]
[Date "2006.10.29"]
[Round "2.5"]
[White "Stoll, Ferdinand"]
[Black "Treffert, Peter"]
[Result "1-0"]
[WhiteElo "2275"]
[BlackElo "2295"]
[PlyCount "111"]
[EventDate "2006.10.15"]
[EventType "team-tourn"]
[EventRounds "9"]
[EventCountry "GER"]
[SourceTitle "EXT 2008"]
[Source "ChessBase"]
[SourceDate "2007.11.25"]
[SourceVersion "1"]
[SourceVersionDate "2007.11.25"]
[SourceQuality "1"]
[WhiteTeam "Bebenhausen"]
[BlackTeam "Moerlenbach"]
[WhiteTeamCountry "GER"]
[BlackTeamCountry "GER"]

1. c4 e6 2. g3 d5 3. Nf3 Nf6 4. Bg2 Be7 5. 0-0 0-0 6. d4 dxc4 7. Qc2 a6 8. a4 Bd7 9. Qxc4 Bc6 10. Bg5 Bd5 11. Qd3 Be4 12. Qe3 Bxb1 13. Raxb1 Nd5 14. Bxe7 Qxe7 15. Qb3 Nc6 16. Rbc1 Rfd8 17. e3 Qb4 18. Qc2 h6 19. Ne1 Rac8 20. Nd3 Qb6 21. Rfd1 Ncb4 22. Qb3 Nxd3 23. Rxd3 Nb4 24. Rdc3 c6 25. a5 Qxa5 26. Rc4 Nd5 27. Qxb7 Rb8 28. Qxc6 Rxb2 29. Bxd5 exd5 30. Rc5 Qa2 31. R1c2 Rxc2 32. Rxc2 Qb1+ 33. Rc1 Qa2 34. Qc7 Rf8 35. Qc3 Qa4 36. Ra1 Qb5 37. Qa5 Rc8 38. Qxa6 Qd7 39. Qd3 g6 40. Re1 Re8 41. Kg2 Kg7 42. Rc1 h5 43. h4 Rd8 44. Qe2 Qf5 45. Qf3 Qe6 46. Rc5 Rd7 47. Qf4 Re7 48. Qf3 Rd7 49. Ra5 Rd8 50. Kh2 Qd6 51. Ra7 Qe6 52. Qf4 Re8 53. Kg2 Qf6 54. Rd7 Qe6 55. Rd6 Qe4+ 56. Qf3 1-0

[Event "Bodensee-Cup 10th"]
[Site "Germany"]
[Date "2004.05.??"]
[Round "?"]
[White "Werner, Clemens"]
[Black "Stoll, Ferdinand"]
[Result "1/2-1/2"]
[WhiteElo "2315"]
[BlackElo "2260"]
[PlyCount "43"]
[EventDate "2004.05.??"]
[EventType "team-tourn"]
[EventRounds "3"]
[EventCountry "GER"]
[SourceTitle "EXT 2007"]
[Source "ChessBase"]
[SourceDate "2006.11.23"]
[SourceVersion "1"]
[SourceVersionDate "2006.11.23"]
[SourceQuality "1"]

1. e4 c5 2. c3 d5 3. exd5 Qxd5 4. d4 Nf6 5. Nf3 e6 6. Be2 cxd4 7. Nxd4 Be7 8. 0-0 0-0 9. Bf3 Qa5 10. Re1 Rd8 11. Nd2 Qc7 12. Qe2 Bd7 13. Nb5 Bxb5 14. Qxb5 Nc6 15. Bxc6 bxc6 16. Qe2 Nd5 17. Nc4 Nf4 18. Bxf4 Qxf4 19. g3 Qc7 20. Rad1 Bf6 21. Ne3 Qa5 22. a3 1/2-1/2

[Event "Oberliga Wuerttemberg 0304"]
[Site "Wuerttemberg"]
[Date "2003.12.07"]
[Round "4.7"]
[White "Weisenburger, Thomas"]
[Black "Stoll, Ferdinand"]
[Result "1-0"]
[WhiteElo "2082"]
[BlackElo "2262"]
[PlyCount "64"]
[EventDate "2003.09.28"]
[EventType "team"]
[EventRounds "9"]
[EventCountry "GER"]
[SourceTitle "EXT 2006"]
[Source "ChessBase"]
[SourceDate "2005.11.24"]
[SourceVersion "1"]
[SourceVersionDate "2005.11.24"]
[SourceQuality "1"]
[WhiteTeam "Sindelfingen"]
[BlackTeam "Bebenhausen"]
[WhiteTeamCountry "GER"]
[BlackTeamCountry "GER"]

1. e4 c5 2. f4 g6 3. Nf3 Bg7 4. Nc3 Nc6 5. Bb5 Nd4 6. Nxd4 cxd4 7. Ne2 Qb6 8. Bd3 d6 9. b3 Nf6 10. Bb2 Nd7 11. a4 a5 12. Bc4 0-0 13. d3 e5 14. 0-0 Qc7 15. f5 Nf6 16. Ng3 Kh8 17. Bc1 Bd7 18. Bg5 h6 19. Bxf6 Bxf6 20. Qg4 Bg5 21. Rf3 Qd8 22. Raf1 Rc8 23. Nh1 Be3+ 24. Nf2 d5 25. Bxd5 Rxc2 26. Bxb7 Qc7 27. Ba6 Rc1 28. Bc4 Rxf1+ 29. Kxf1 gxf5 30. exf5 Rg8 31. Qh5 Bc6 32. Rxe3 f6 1-0

[Event "BL2-Sued 0203"]
[Site "Germany"]
[Date "2003.02.09"]
[Round "6.7"]
[White "Stoll, Ferdinand"]
[Black "Loehr, Markus"]
[Result "1/2-1/2"]
[WhiteElo "2277"]
[BlackElo "2199"]
[PlyCount "104"]
[EventDate "2002.10.20"]
[EventType "team-tourn"]
[EventRounds "9"]
[EventCountry "GER"]
[SourceTitle "EXT 2004"]
[Source "ChessBase"]
[SourceDate "2003.11.25"]
[SourceVersion "1"]
[SourceVersionDate "2003.11.25"]
[SourceQuality "1"]
[WhiteTeam "Bebenhausen"]
[BlackTeam "Schmiden Cannstatt"]
[WhiteTeamCountry "GER"]
[BlackTeamCountry "GER"]

1. c4 e5 2. g3 Nf6 3. Bg2 c6 4. d4 Bb4+ 5. Bd2 Bxd2+ 6. Qxd2 d6 7. Nc3 0-0 8. e3 Qe7 9. Nge2 Re8 10. h3 h5 11. d5 c5 12. e4 Nbd7 13. f4 h4 14. f5 Nh7 15. 0-0-0 a6 16. Kb1 b5 17. Rdg1 Nb6 18. cxb5 axb5 19. gxh4 b4 20. Nd1 Qa7 21. Nc1 Nc4 22. Qc2 Ba6 23. Bf1 b3 24. Nxb3 Nb6 25. Bxa6 Qxa6 26. Nc3 Kh8 27. Rg5 Na4 28. Nc1 Nxc3+ 29. Qxc3 Nxg5 30. hxg5 Qa5 31. Qf3 Qd2 32. Qh5+ Kg8 33. g6 fxg6 34. fxg6 Qh6 35. Qxh6 gxh6 36. h4 Rf8 37. Nb3 Kg7 38. Rg1 h5 39. Rg5 Rf4 40. Rxh5 Kxg6 41. Rg5+ Kf6 42. Nd2 Rxh4 43. Rf5+ Ke7 44. a3 Rg8 45. Rf2 Rhg4 46. Kc2 Rg2 47. Rxg2 Rxg2 48. Kd3 Kd7 49. b4 cxb4 50. axb4 Kc7 51. Nc4 Rg3+ 52. Kc2 Rg2+ 1/2-1/2

[Event "BL2-Sued 0203"]
[Site "Germany"]
[Date "2003.01.13"]
[Round "4.7"]
[White "Salvermoser, Bernd"]
[Black "Stoll, Ferdinand"]
[Result "1-0"]
[WhiteElo "2306"]
[BlackElo "2277"]
[PlyCount "115"]
[EventDate "2002.10.20"]
[EventType "team-tourn"]
[EventRounds "9"]
[EventCountry "GER"]
[SourceTitle "EXT 2004"]
[Source "ChessBase"]
[SourceDate "2003.11.25"]
[SourceVersion "1"]
[SourceVersionDate "2003.11.25"]
[SourceQuality "1"]
[WhiteTeam "Pang/Rosenheim"]
[BlackTeam "Bebenhausen"]
[WhiteTeamCountry "GER"]
[BlackTeamCountry "GER"]

1. d4 f5 2. Nf3 Nf6 3. g3 g6 4. Bg2 Bg7 5. 0-0 0-0 6. c4 d6 7. Nc3 Qe8 8. d5 a5 9. Be3 Na6 10. Rb1 Bd7 11. h3 h6 12. Qd2 g5 13. Nd4 Nc5 14. Ndb5 Rc8 15. a3 c6 16. Nd4 Qh5 17. f3 f4 18. gxf4 gxf4 19. Bxf4 cxd5 20. cxd5 Nxd5 21. Nxd5 Qxd5 22. Be3 e5 23. f4 Ne4 24. Qd3 exd4 25. Bxe4 Qb5 26. Bd2 Qxd3 27. exd3 Bxh3 28. Rfc1 b5 29. Bb7 Rce8 30. Kf2 Bg4 31. Be4 Kh8 32. Rc6 d5 33. Bf3 Bf5 34. Be2 Rf6 35. Rbc1 Rfe6 36. Rxe6 Rxe6 37. Rc8+ Kh7 38. Rd8 Bf6 39. Rxd5 Bh4+ 40. Kf3 Bh3 41. Bd1 Bf6 42. Rh5 Bf1 43. f5 Rc6 44. Rxh6+ Kg7 45. Rg6+ Kf7 46. Bb3+ Ke7 47. Ke4 Rc5 48. Bf4 Rxf5 49. Bd6+ Kxd6 50. Kxf5 Bxd3+ 51. Kxf6 Bxg6 52. Kxg6 Ke5 53. Bc2 Kf4 54. Kf6 Ke3 55. Ke5 Kd2 56. Bf5 Kc1 57. Kxd4 Kxb2 58. a4 1-0

[Event "Boeblingen op 19th"]
[Site "Boeblingen"]
[Date "2002.12.29"]
[Round "7"]
[White "Koch, Moritz"]
[Black "Stoll, Ferdinand"]
[Result "1-0"]
[WhiteElo "2207"]
[BlackElo "2277"]
[PlyCount "80"]
[EventDate "2002.12.26"]
[EventType "swiss"]
[EventRounds "9"]
[EventCountry "GER"]
[SourceTitle "EXT 2004"]
[Source "ChessBase"]
[SourceDate "2003.11.25"]
[SourceVersion "1"]
[SourceVersionDate "2003.11.25"]
[SourceQuality "1"]

1. e4 c5 2. Nf3 d6 3. Bc4 Nf6 4. d3 Nc6 5. c3 g6 6. 0-0 Bg7 7. Re1 0-0 8. Bb3 b5 9. h3 a5 10. d4 cxd4 11. Nxd4 Nxd4 12. cxd4 Bb7 13. Bc2 e6 14. Nd2 Qc7 15. Nf3 Rfc8 16. Bd3 b4 17. Bf4 Qb6 18. Qe2 Ba6 19. Rac1 Bxd3 20. Qxd3 h6 21. Nd2 d5 22. e5 Nd7 23. h4 Qd8 24. g3 Rxc1 25. Rxc1 Rc8 26. Rxc8 Qxc8 27. Qb5 Qc1+ 28. Kg2 Nf8 29. Qxa5 Qxb2 30. Nb3 Qe2 31. Be3 g5 32. hxg5 hxg5 33. Nc1 Qb2 34. Nd3 Qc3 35. Nxb4 f6 36. exf6 Bxf6 37. Qb6 g4 38. Nxd5 exd5 39. Qxf6 Qc8 40. Qg5+ Kh8 1-0

[Event "BL2-Sued 0203"]
[Site "Germany"]
[Date "2002.12.15"]
[Round "3.7"]
[White "Stoll, Ferdinand"]
[Black "Gross, Georg"]
[Result "1-0"]
[WhiteElo "2277"]
[BlackElo "2317"]
[PlyCount "77"]
[EventDate "2002.10.20"]
[EventType "team-tourn"]
[EventRounds "9"]
[EventCountry "GER"]
[SourceTitle "EXT 2004"]
[Source "ChessBase"]
[SourceDate "2003.11.25"]
[SourceVersion "1"]
[SourceVersionDate "2003.11.25"]
[SourceQuality "1"]
[WhiteTeam "Bebenhausen"]
[BlackTeam "St Ingbert"]
[WhiteTeamCountry "GER"]
[BlackTeamCountry "GER"]

1. c4 f5 2. Nc3 Nf6 3. g3 g6 4. Bg2 Bg7 5. d3 d6 6. e4 e5 7. Nge2 0-0 8. 0-0 c6 9. h3 Be6 10. b3 Na6 11. exf5 gxf5 12. d4 Kh8 13. Ba3 Rg8 14. d5 cxd5 15. Nxd5 Ne4 16. Nec3 Nac5 17. Nxe4 Nxe4 18. Qh5 Qd7 19. Rad1 Bf7 20. Qh4 Bxd5 21. Rxd5 Bf6 22. Rxd6 Qg7 23. Rxf6 Nxf6 24. Bxb7 Rad8 25. Bb2 Rge8 26. Bc6 Re7 27. Re1 Rd6 28. Bg2 Rde6 29. Bd5 Nxd5 30. cxd5 Rh6 31. Qc4 Qf6 32. Qc8+ Kg7 33. f4 Qb6+ 34. Kg2 Kf7 35. Qxf5+ Rf6 36. Qh5+ Kg8 37. Rxe5 Rxe5 38. Qxe5 Rg6 39. Qe8# 1-0

[Event "BL2-Sued 9900"]
[Site "Germany"]
[Date "2000.03.12"]
[Round "7.7"]
[White "Stoll, Ferdinand"]
[Black "Schmenger, Felix"]
[Result "1-0"]
[WhiteElo "2277"]
[BlackElo "2262"]
[PlyCount "77"]
[EventDate "1999.10.10"]
[EventType "team-tourn"]
[EventRounds "9"]
[EventCountry "GER"]
[SourceTitle "CBM 075 Extra"]
[Source "ChessBase"]
[SourceDate "2000.05.11"]
[SourceVersion "2"]
[SourceVersionDate "2000.05.11"]
[SourceQuality "1"]
[WhiteTeam "Sindelfingen"]
[BlackTeam "Baiertal/Schatthausen"]
[WhiteTeamCountry "GER"]
[BlackTeamCountry "GER"]

1. d4 Nf6 2. c4 g6 3. g3 Bg7 4. Bg2 d5 5. cxd5 Nxd5 6. e4 Nb6 7. Ne2 0-0 8. Nbc3 Nc6 9. d5 Na5 10. 0-0 c6 11. b3 cxd5 12. exd5 Bg4 13. Bd2 Nc8 14. h3 Bd7 15. Be3 Nd6 16. Bd4 Rc8 17. Bxg7 Kxg7 18. Rc1 b6 19. Nd4 Nf5 20. Nce2 Rxc1 21. Qxc1 Qb8 22. Nxf5+ Bxf5 23. Nd4 Bd7 24. Nc6 Qd6 25. Nxa5 bxa5 26. Qc3+ Kg8 27. Qxa5 a6 28. Rc1 Rc8 29. Rxc8+ Bxc8 30. Qc3 Bb7 31. Qc4 g5 32. b4 Qe5 33. Qc5 h6 34. Qb6 h5 35. Qxb7 Qe1+ 36. Bf1 h4 37. gxh4 gxh4 38. Qc8+ Kg7 39. Qg4+ 1-0

[Event "Bad Woerishofen op 15th"]
[Site "Bad Woerishofen"]
[Date "1999.??.??"]
[Round "6"]
[White "Stoll, Ferdinand"]
[Black "Miezis, Normunds"]
[Result "0-1"]
[WhiteElo "2275"]
[BlackElo "2525"]
[PlyCount "62"]
[EventDate "1999.03.05"]
[EventType "swiss"]
[EventRounds "9"]
[EventCountry "GER"]
[SourceTitle "EXT 2000"]
[Source "ChessBase"]
[SourceDate "1999.11.16"]
[SourceVersion "1"]
[SourceVersionDate "1999.11.16"]
[SourceQuality "1"]

1. c4 c5 2. g3 Nc6 3. Bg2 g6 4. Nc3 Bg7 5. Nf3 e5 6. a3 a5 7. 0-0 Nge7 8. d3 d6 9. Ne1 Be6 10. Nc2 0-0 11. Ne3 h6 12. Ned5 f5 13. f4 Kh7 14. e4 Nd4 15. Be3 Nxd5 16. Nxd5 Bxd5 17. cxd5 exf4 18. gxf4 a4 19. Kh1 b5 20. Bxd4 Bxd4 21. Qd2 Rb8 22. exf5 gxf5 23. Rae1 Rb7 24. Re6 Rg7 25. Rfe1 Rfg8 26. R1e2 Qh4 27. Rxd6 Rg4 28. Rd7+ Kh8 29. Rde7 Qh5 30. R7e3 Rh4 31. Bf3 Qxf3+ 0-1

[Event "BL2-Sued 9899"]
[Site "Germany"]
[Date "1998.11.22"]
[Round "2.8"]
[White "Stoll, Ferdinand"]
[Black "Pflichthofer, Peter"]
[Result "1-0"]
[WhiteElo "2275"]
[BlackElo "2255"]
[PlyCount "113"]
[EventDate "1998.10.18"]
[EventType "team-tourn"]
[EventRounds "9"]
[EventCountry "GER"]
[SourceTitle "GER-chT2"]
[Source "ChessBase"]
[SourceDate "1999.07.01"]
[SourceVersion "1"]
[SourceVersionDate "1999.07.01"]
[SourceQuality "1"]
[WhiteTeam "Sindelfingen"]
[BlackTeam "Schmiden Cannstatt"]
[WhiteTeamCountry "GER"]
[BlackTeamCountry "GER"]

1. c4 Nf6 2. g3 g6 3. Bg2 Bg7 4. Nc3 0-0 5. e4 d6 6. Nge2 Nc6 7. 0-0 e5 8. d3 Be6 9. h3 Qd7 10. Kh2 Ne8 11. Nd5 Rb8 12. Rb1 Nd8 13. d4 f5 14. exf5 Bxf5 15. Ra1 Nc6 16. Be3 a6 17. Rc1 exd4 18. Nxd4 Nxd4 19. Bxd4 Bxd4 20. Qxd4 Qg7 21. Qxg7+ Kxg7 22. Rfe1 c6 23. Nb6 Nc7 24. Re7+ Rf7 25. Rce1 Kf8 26. R7e3 Re8 27. Rxe8+ Nxe8 28. g4 Bc2 29. Re2 Bb1 30. b4 Re7 31. Rb2 Be4 32. f3 Bd3 33. Rd2 Re3 34. Kg3 Bb1 35. Rb2 Re1 36. a4 Ke7 37. b5 axb5 38. axb5 Kd8 39. bxc6 bxc6 40. f4 Be4 41. Kf2 Rb1 42. Rxb1 Bxb1 43. Bxc6 Kc7 44. Bxe8 Kxb6 45. Ke3 Kc5 46. Bf7 h6 47. h4 Bc2 48. Kd2 Be4 49. Kc3 Bf3 50. Be6 h5 51. g5 Be4 52. f5 gxf5 53. g6 f4 54. g7 Bh7 55. g8Q Bxg8 56. Bxg8 f3 57. Kd3 1-0

[Event "BL2-Sued 9798"]
[Site "Germany"]
[Date "1998.??.??"]
[Round "?.8"]
[White "Stoll, Ferdinand"]
[Black "Schneider, Bernd2222"]
[Result "0-1"]
[WhiteElo "2255"]
[BlackElo "2230"]
[PlyCount "74"]
[EventDate "1997.10.??"]
[EventType "team-tourn"]
[EventRounds "9"]
[EventCountry "GER"]
[SourceTitle "EXT 1999"]
[Source "ChessBase"]
[SourceDate "1998.11.16"]
[SourceVersion "1"]
[SourceVersionDate "1998.11.16"]
[SourceQuality "1"]
[WhiteTeam "Sindelfingen"]
[BlackTeam "Eppingen"]
[WhiteTeamCountry "GER"]
[BlackTeamCountry "GER"]

1. c4 c5 2. g3 g6 3. Bg2 Bg7 4. Nc3 Nc6 5. Nf3 Nh6 6. d4 cxd4 7. Nxd4 Nxd4 8. Bxh6 Bxh6 9. Qxd4 0-0 10. h4 Bg7 11. Qd3 d6 12. h5 Bf5 13. e4 Be6 14. hxg6 fxg6 15. Nd5 Rc8 16. Bh3 Bxh3 17. Rxh3 e6 18. Nf4 Qb6 19. Qe2 Bxb2 20. Rd1 Bd4 21. Rh2 Rf6 22. Nd3 Rxc4 23. e5 Rf7 24. exd6 Qxd6 25. Nf4 b5 26. Kf1 e5 27. Nh3 Qf6 28. Qd2 Qf5 29. Ng5 Rfc7 30. g4 Qc2 31. f4 Qxd1+ 32. Qxd1 Rc1 33. Rd2 Rxd1+ 34. Rxd1 Re7 35. Kg2 Be3 36. Rd8+ Kg7 37. f5 Bxg5 0-1

[Event "Bayern-chI Bank Hofmann 1st"]
[Site "Bad Wiessee"]
[Date "1997.11.23"]
[Round "9"]
[White "Stoll, Ferdinand"]
[Black "Mesropov, Konstantin Eduard"]
[Result "1/2-1/2"]
[WhiteElo "2255"]
[BlackElo "2430"]
[PlyCount "65"]
[EventDate "1997.11.15"]
[EventType "swiss"]
[EventRounds "9"]
[EventCountry "GER"]
[SourceTitle "CBM 061 Extra"]
[Source "ChessBase"]
[SourceDate "1998.03.09"]
[SourceVersion "1"]
[SourceVersionDate "1998.03.09"]
[SourceQuality "1"]

1. c4 Nf6 2. g3 c6 3. Nf3 d5 4. Bg2 Bf5 5. 0-0 e6 6. cxd5 exd5 7. d3 Be7 8. Nc3 0-0 9. Nh4 Be6 10. e4 Ng4 11. Nf5 Bxf5 12. exf5 Nf6 13. g4 Na6 14. g5 Ne8 15. h4 f6 16. g6 h6 17. Qh5 Qd7 18. Nxd5 Nd6 19. Re1 Rae8 20. Bxh6 gxh6 21. g7 Kxg7 22. Qg6+ Kh8 23. Qxh6+ Kg8 24. Qg6+ Kh8 25. Qh5+ Kg8 26. Re3 Rf7 27. Rg3+ Rg7 28. Rxg7+ Kxg7 29. Qg6+ Kh8 30. Qh6+ Kg8 31. Qg6+ Kh8 32. Qh5+ Kg8 33. Qg6+ 1/2-1/2